MDQL
is popping MORE tags! Check the
thread
!
Quizzes
Events
Quiz Creation
Community
Videos
Private Events
Remove Ads
Sign In
Join for FREE
Feedback
Dark Mode
Quiz Categories
Sports
Geography
Music
Movies
Television
Just For Fun
Miscellaneous
History
Literature
Language
Science
Gaming
Entertainment
Religion
Holiday
For Kids
Quiz Lab
Recent
Popular Today
Quiz Kudos Today
Editor Picks
Curator Picks
Quizzes by...
Day
Popularity
Type
Ratings
Length
Year
Community
Subscriptions
Recent Discussions
Orange Saloon
Badges
Playlists
Quests
Create
Leaderboards
Showdown
Live 5
Trivia Bingo
Activity
Puzzle Library
Sporcle Events
Private Events
Virtual Trivia
Globe League
Become a Host
Pub Owners
SporcleCon
Opinionation
Our Games
Videos
Blog
Mobile Apps
Partnerships
Remove Ads and Go Orange
Feedback
Sports
Athletes
MLB
NBA
NHL
NFL
Soccer
Sports Teams
WWE
NCAA
Football
Premier League
Basketball
Baseball
Hockey
Golf
Tennis
Cricket
Rugby
Auto Racing
Olympics
World Cup
Sports
Athletes
MLB
NBA
NHL
NFL
Soccer
Sports Teams
WWE
NCAA
Football
Premier League
Basketball
Baseball
Hockey
Golf
Tennis
Cricket
Rugby
Auto Racing
Olympics
World Cup
Random Quiz
Search Sporcle
×
Curator Pick
Curator Pick
Sports
Football
Type in answers that appear in a list
Type in answers that appear in a list
Classic
Best Score? Go Orange.
NCAA D-I FBS Teams by City and State Stats
Can you name the NCAA D-I FBS Teams by State?
By
uccstrackman
10m
120 Questions
6,903 Plays
6,903 Plays
6,903 Plays
Comments
Comments
Give Quiz Kudos
Give Quiz Kudos
-
- Ratings
hide this ad
Forced Order
Answers have to be entered in order
Answers have to be entered in order
Replay
Link that replays current quiz
Next Quiz
Link to next quiz in quiz playlist
You Got
0%
They Got
Avg Score
81%
Avg Friend Score
Upgrade to see
Score Distribution
Jump to the score distribution portion of the page
Score
0/120
Timer
10:00
0
Plays Today
City
School
% Correct
Tuscaloosa
University of Alabama
99.5%
Auburn
Auburn University
99.2%
Tucson
University of Arizona
97.8%
Fayetteville
University of Arkansas
97.4%
Tempe
Arizona State University
97.4%
Berkeley
University of California, Berkeley
96.6%
Troy
Troy University
95.5%
Los Angeles
University of California, Los Angeles
95.4%
Boulder
University of Colorado at Boulder
95.3%
San Diego
San Diego State University
95%
Fresno
California State University, Fresno
94.9%
Storrs
University of Connecticut
93.9%
Gainesville
University of Florida
93.8%
Los Angeles
University of Southern California
93.2%
Fort Collins
Colorado State University
93.2%
San Jose
San Jose State University
92.8%
Athens
University of Georgia
92.5%
Tallahassee
Florida State University
92.5%
Honolulu
University of Hawaii at Manoa
92.4%
Boise
Boise State University
92.1%
Birmingham
University of Alabama at Birmingham
91.2%
Urbana-
Champaign
University of Illinois at Urbana-Champaign
91.1%
Lexington
University of Kentucky
90.7%
Lawrence
University of Kansas
90.6%
Atlanta
Georgia Institute of Technology
90.5%
Iowa City
University of Iowa
90.5%
Louisville
University of Louisville
90.5%
Manhattan
Kansas State University
90.3%
Moscow
University of Idaho
90.1%
Jonesboro
Arkansas State University
90%
Ames
Iowa State University
89.9%
Palo Alto
Stanford University
89.4%
Baton Rouge
Louisiana State University
89.2%
Bloomington
Indiana University
89.1%
South Bend
University of Notre Dame
89.1%
College Park
University of Maryland, College Park
88.8%
Ann Arbor
University of Michigan
88.7%
East Lansing
Michigan State University
88.3%
Minneapolis and St. Paul
University of Minnesota Twin Cities
87.7%
Oxford
University of Mississippi
87.4%
City
School
% Correct
Lincoln
University of Nebraska-Lincoln
87.4%
Las Vegas
University of Nevada, Las Vegas
86.9%
Syracuse
Syracuse University
86.9%
Columbia
University of Missouri
86.7%
Albuquerque
University of New Mexico
86.7%
Chapel Hill
University of North Carolina at Chapel Hill
86.2%
Reno
University of Nevada, Reno
85.9%
Buffalo
University at Buffalo, The State University of New York
85.9%
Starkville
Mississippi State University
85.9%
Cincinnati
University of Cincinnati
85.2%
Las Cruces
New Mexico State University
85.1%
West Point
United States Military Academy
85%
Bowling Green
Bowling Green State University
84.9%
Akron
University of Akron
84.6%
Norman
University of Oklahoma
84.5%
Columbus
Ohio State University
84.3%
Orlando
University of Central Florida
84.2%
Eugene
University of Oregon
84.2%
Stillwater
Oklahoma State University-Stillwater
84.1%
Toledo
University of Toledo
84%
Tulsa
University of Tulsa
83.9%
Durham
Duke University
83.9%
Corvallis
Oregon State University
83.9%
Pittsburgh
University of Pittsburgh
83.9%
Clemson
Clemson University
83.4%
Kent
Kent State University
83.1%
University Park
Pennsylvania State University
83%
Lafayette
University of Louisiana at Lafayette
82.8%
Columbia
University of South Carolina
82.7%
Memphis
University of Memphis
82.4%
Annapolis
United States Naval Academy
82.3%
Colorado Springs
United States Air Force Academy
82.3%
Tampa
University of South Florida
82.3%
Coral Gables
University of Miami
82.2%
Raleigh
North Carolina State University
81.9%
Piscataway
Rutgers University
81.8%
Knoxville
University of Tennessee
81.2%
West Lafayette
Purdue University
80.3%
New Orleans
Tulane University
80.1%
Houston
University of Houston
79.8%
City
School
% Correct
Chestnut Hill
Boston College
79.3%
Monroe
University of Louisiana at Monroe
79.1%
Evanston
Northwestern University
79%
Kalamazoo
Western Michigan University
78.7%
Ypsilanti
Eastern Michigan University
77.5%
Mount Pleasant
Central Michigan University
76.3%
Austin
University of Texas at Austin
76.2%
Athens
Ohio University
75.4%
Waco
Baylor University
75.1%
Winston-
Salem
Wake Forest University
74.5%
Boca Raton
Florida Atlantic University
73.7%
Salt Lake City
University of Utah
73%
DeKalb
Northern Illinois University
72.8%
Philadelphia
Temple University
72.5%
Nashville
Vanderbilt University
71.9%
Hattiesburg
University of Southern Mississippi
71.7%
Miami
Florida International University
71.7%
Charlottesville
University of Virginia
71.5%
El Paso
University of Texas at El Paso
71%
Lubbock
Texas Tech University
71%
Blacksburg
Virginia Polytechnic Institute and State University
70.9%
Seattle
University of Washington
70.5%
Provo
Brigham Young University
70.4%
Logan
Utah State University
70.4%
Pullman
Washington State University
69.6%
Ruston
Louisiana Tech University
68.4%
Morgantown
West Virginia University
68.3%
Madison
University of Wisconsin-Madison
68.1%
Laramie
University of Wyoming
67.1%
Bowling Green
Western Kentucky University
66.2%
Murfreesboro
Middle Tennessee State University
62.4%
Fort Worth
Texas Christian University
62.1%
Huntington
Marshall University
61.5%
Oxford
Miami University
61%
College Station
Texas A&M University
61%
Houston
Rice University
60.5%
Muncie
Ball State University
59.4%
Greenville
East Carolina University
58.4%
Denton
University of North Texas
57.1%
University Park
Southern Methodist University
48%
Quiz Playlist
Details
Report
Send in Message
Add To Playlist
Classic:
Type in answers that appear in a list
Forced Order:
Answers have to be entered in order
Last Updated: Jul 26, 2017
Curator Pick in
NCAA
Quiz Scoreboard
CHALLENGE
Sign Up to Join the Scoreboard
Show All
Scores
Hide
Comments
May contain spoilers
Recently Published
Colored Red Africa Blitz
by spor1
Geography
30s
Find the 'City' Movie
by crazypaving
Movies
60s
5x2 Blitz: Bands
by SL_Kpop136
Music
30s
More to Explore
Quiz From the Vault
Featured Blog Post
14 Easter Pick-up Lines to Find Eggs With
hide this ad
You Might Also Like...
Tags
City Quiz
Football Quiz
NCAA Quiz
State Quiz
D1 Football
Division
Division I
FBS
NCAA Football
Today's Top Quizzes in Sports
Browse Sports
hide this ad
Today's Top Quizzes in Football
Browse Football
Top Contributed Quizzes in Sports
1
Players with Multiple 50 Home Run Seasons
2
Who Needs Fielders?
3
Criteria MLB: Left Handed Sluggers
4
MLB Players with Two .350 Batting Average Seasons
5
Who Hit More Homers?
6
2020 F1 Drivers Logic Puzzle
7
NBA Teammate Connections
8
Premier League Clubs since 2000 (minefield)
9
MLB Teams by First Game
10
Top 10 NHL Goal Scorers of All Time
Explore More
Trending Topics
Crossword
Disney
Harry Potter
NBA
Anime
Kpop
Marvel
Pokémon
Country
The Office
Song
NFL
WWE
Soccer
Puzzle
hide this ad
More By:
uccstrackman
Quiz
Plays
Rating
Category
Featured
Created
NCAA D-I FBS Teams by City and State
6,903
3.30
Sports
Dec 22, 2011
Go to Creator's Profile
Score Distribution
Quiz Creator Spotlight
uccstrackman
Follow
Send a Message
Quizzes Created
-
Created Quiz Play Count
-
More By This Creator
Popular Quizzes Today
1
5x2 Blitz: Bands
2
Find the 'City' Movie
3
Colored Red Africa Blitz
4
Find the US States - No Outlines Minefield
5
The Countries of the World
6
Find the US States
7
9x9 Crossword: Cartoon Network
8
US States
More Sports Quizzes
All about... Dallas Mavericks
Quiz Lab
Trending Quizzes
Colored Red Africa Blitz II
Colored Red Europe Blitz I
Christmas Pick: Judaism
Colored Red Africa Blitz III
Colored Red Europe Blitz II
Recently Updated
Champions League XIs: Real Madrid
pecheneg
Largest US Cities 1790-2010
pecheneg
Rides in Walt Disney World
pecheneg
Most Oscar Losses (Acting)
pecheneg
Beyoncé Albums
pecheneg
Leaping Animals
pecheneg
Reality TV Shows (A-Z)
bhenderson79
Rickey Henderson's Hall of Fame Teammates
pecheneg
Champions League XIs: Arsenal
pecheneg
Quick Pick: Celebrities in WWE's Hall of Fame
aduchscher
Trending Topics
Harry Potter
Kpop
Anime
Disney
Marvel
NBA
Crossword
Country
Soccer
Pokémon
WWE
The Office
Puzzle
Song
NFL
Your Account Isn't Verified!
In order to create a playlist on Sporcle, you need to verify the email address you used during registration. Go to your
Sporcle Settings
to finish the process.
Report this User
Report this user for behavior that violates our
Community Guidelines
.
Details:
Send Report
Go to the Sporcle.com Mobile Site →
Comments